Guess the Louis Tomlinson song with no hints #13 - Statistics

General Stats
  • This quiz has been taken 62 times
  • The average score is 210 of 272
Answer Stats
Answer % Correct
I
100%
I,
100%
The
97%
the
97%
you
97%
you,
97%
(You
97%
a
94%
am
85%
be
85%
my
85%
no
85%
all
82%
And
82%
and
82%
are
82%
for
82%
For
82%
me
82%
me,
82%
of
82%
So
82%
so
82%
these
82%
These
82%
to
82%
us
82%
were
82%
what
82%
But
79%
down
79%
ever
79%
high
79%
in
79%
is
79%
it
79%
now
79%
Now
79%
one
79%
that
79%
they
79%
this
79%
up
79%
who
79%
come
76%
every
76%
than
76%
them
76%
walls,
76%
walls
76%
why,
76%
Why
76%
because
73%
because)
73%
broke
73%
fallin'
73%
Fallin'
73%
man
73%
Was
73%
was
73%
day
70%
day,
70%
did
70%
left
70%
like
70%
love
70%
love)
70%
never
70%
Nothing
70%
question
70%
stand
70%
came
67%
say
67%
see
67%
wakes
67%
alone
64%
became
64%
bittersweet?
64%
hurt
64%
just
64%
lost
64%
lost)
64%
Oh,
64%
oh
64%
saw
64%
(Saw
64%
taller
64%
thank
64%
that's
64%
took
64%
wakin'
64%
watched
64%
away
61%
eyes,
61%
ground
61%
hurtin'
61%
(Hurtin'
61%
looked
61%
often
61%
short
61%
walked
61%
clothes
58%
enough
58%
enough)
58%
full
58%
higher
58%
soul
58%
you’s
58%
makes
55%
will
55%
(Will
55%
hope
48%
amount
42%
cupboard
42%
words
42%
No matching quizzes found
Score Distribution
Percent of People with Each Score
Percentile by Number Answered
Your Score History
You have not taken this quiz